| 000 | 00811nam a22002177a 4500 | ||
|---|---|---|---|
| 999 |
_c4237 _d4237 |
||
| 003 | AR-CdUCM | ||
| 008 | 190308b ||||| |||| 00| 0 spa d | ||
| 040 |
_aMUNICIPALIDAD PROVINCIAL DEL CUSCO _cBIBLIOTECA MUNICIPAL DEL CUSCO |
||
| 082 |
_a701.17 / _bL95 |
||
| 100 |
_aLukács. Gerog _913405 |
||
| 245 |
_aEstetica : _bCategorías psicológicas y filosóficas básicas de lo estético / |
||
| 260 |
_aBarcelona : _bEdiciones Grijalbo, _c1967 |
||
| 300 |
_a342 páginas ; _c21 cm. |
||
| 505 | _aContenido: Delimitación del fenómeno -- Indicios indirectos -- Particularidad, mediación, centro -- La particularidad como categoría estética... | ||
| 650 |
_aArte _9561 |
||
| 650 |
_aFenomeno _913406 |
||
| 650 |
_aEstetica _9589 |
||
| 650 |
_aObra estética _913407 |
||
| 942 |
_2ddc _cLIBROS |
||
| 945 | _adavv | ||